Memoria de los otros /

El presente artículo es una crítica al texto compañero de viaje de Orlando Araujo (1970). Catalogado como la elaboración de una escritura que regresa al transculturalismo, la cual, según la autora del artículo, debe tomarse como una escritura en contraste con los paradigmas de la contemporaneidad....

全面介紹

Guardado en:
書目詳細資料
主要作者: Hernández, Rosa Nieves
格式: 未知
語言:Spanish
出版: Venezuela: Universidad Simón Bolivar,
主題:
標簽: 添加標簽
沒有標簽, 成為第一個標記此記錄!

MARC

LEADER 000000000a22000000004500
001 000059
008 140619s1995 ve ||||| |||| 00| b|spa d
022 |a 0798-958-X 
100 1 |a Hernández, Rosa Nieves 
245 1 0 |a Memoria de los otros /  |c Rosa Nieves Hernández 
260 |a Venezuela:   |b Universidad Simón Bolivar, 
300 |a 305-316 páginas 
310 |a semestral 
520 |a El presente artículo es una crítica al texto compañero de viaje de Orlando Araujo (1970). Catalogado como la elaboración de una escritura que regresa al transculturalismo, la cual, según la autora del artículo, debe tomarse como una escritura en contraste con los paradigmas de la contemporaneidad. 
650 4 |a LITERATURA VENEZOLANA 
650 4 |a SIMBOLISMO 
650 4 |a ARAUJO, ORLANDO 
650 4 |a LITERATURA CONTEMPORANEA 
650 4 |a IDENTIDAD CULTURAL 
773 0 |t Estudios: Revista de Investigaciones Literarias 
773 0 |g 3 
773 0 |g 6 
773 0 |g 1995 
773 0 |g 305-316 
942 |2 ddc  |c ARC 
999 |c 809  |d 809